[Event "Asia-ch 5th"]
[Site "Hyderabad"]
[Date "2005.10.13"]
[Round "7"]
[White "Grigoryan, Karen"]
[Black "Kunte, Abhijit"]
[Result "1/2-1/2"]
[WhiteElo "2421"]
[BlackElo "2553"]
[PlyCount "115"]
[EventDate "2005.10.05"]
[EventType "swiss"]
[EventRounds "9"]
[EventCountry "IND"]
[SourceTitle "CBM 110"]
[Source "ChessBase"]
[SourceDate "2006.01.31"]
[SourceVersion "1"]
[SourceVersionDate "2006.01.31"]
[SourceQuality "1"]

1. d4 Nf6 2. c4 e6 3. Nf3 b6 4. a3 Bb7 5. Nc3 d5 6. cxd5 Nxd5 7. e3 Nxc3 8. bxc3 Be7 9. Bb5+ c6 10. Bd3 0-0 11. Qc2 h6 12. 0-0 c5 13. e4 Qc8 14. Qe2 Ba6 15. Rd1 Bxd3 16. Rxd3 Nd7 17. e5 Rd8 18. h4 cxd4 19. cxd4 Qc4 20. Ne1 Rac8 21. h5 f5 22. Bf4 b5 23. Qf3 Nf8 24. Rad1 Qd5 25. Qh3 Rc4 26. g3 Ra4 27. Nc2 Nh7 28. Ne3 Qc6 29. f3 Qb7 30. g4 Bg5 31. Qg3 Bxf4 32. Qxf4 Ng5 33. Kg2 fxg4 34. Nxg4 Rf8 35. Qg3 Rc4 36. R1d2 Rc7 37. Re2 Rcf7 38. Ree3 Qd5 39. Nf2 Rf4 40. Ng4 a5 41. Nf6+ R8xf6 42. exf6 Rxf6 43. Qe5 Qa2+ 44. Re2 Qc4 45. Red2 Rf5 46. Qb8+ Kh7 47. Qe8 Rf6 48. d5 Qh4 49. d6 Qh3+ 50. Kf2 Qh2+ 51. Ke1 Qg1+ 52. Ke2 Nh3 53. Rd4 Qb1 54. Qg6+ Rxg6 55. hxg6+ Qxg6 56. d7 Ng1+ 57. Kf1 Nxf3 58. d8Q 1/2-1/2

[Event "Olympiad-34"]
[Site "Istanbul"]
[Date "2000.11.05"]
[Round "8.3"]
[White "Grigoryan, Karen"]
[Black "Estrada Nieto, Julian"]
[Result "1/2-1/2"]
[WhiteElo "2399"]
[BlackElo "2397"]
[PlyCount "160"]
[EventDate "2000.10.28"]
[EventType "team-swiss"]
[EventRounds "14"]
[EventCountry "TUR"]
[SourceTitle "EXT 2001"]
[Source "ChessBase"]
[SourceDate "2000.11.22"]
[SourceVersion "1"]
[SourceVersionDate "2000.11.22"]
[SourceQuality "1"]
[WhiteTeam "Turkmenistan"]
[BlackTeam "Mexico"]
[WhiteTeamCountry "TKM"]
[BlackTeamCountry "MEX"]

1. d4 d5 2. c4 dxc4 3. Nf3 c5 4. e3 cxd4 5. exd4 Be6 6. Na3 Nf6 7. Nxc4 Bd5 8. Nce5 g6 9. Bb5+ Nbd7 10. 0-0 a6 11. Ba4 Bg7 12. Re1 0-0 13. Bg5 Nb6 14. Bb3 Rc8 15. h3 Rc7 16. Qd3 Nc8 17. Rac1 Rxc1 18. Rxc1 Na7 19. Rc5 Bxb3 20. Qxb3 Nb5 21. Bxf6 Bxf6 22. Rd5 Nd6 23. Qa4 Qc8 24. Nd7 Rd8 25. Nxf6+ exf6 26. Qb3 Qc1+ 27. Kh2 Qc7 28. g3 Re8 29. Rc5 Qe7 30. Rc1 Kg7 31. Re1 Qd7 32. Rxe8 Qxe8 33. Kg1 Qe4 34. Qd1 Qd5 35. b3 Nb5 36. Qd3 Nd6 37. Ne1 Qe6 38. Qf1 Qe4 39. Nd3 Qxd4 40. Nf4 Qd2 41. Qb1 Qd4 42. Qc2 Ne4 43. Kg2 b5 44. a3 a5 45. h4 Nc5 46. Qe2 b4 47. axb4 axb4 48. Qf3 Qc3 49. Nd5 Qd4 50. h5 Nd3 51. Qxf6+ Qxf6 52. h6+ Kxh6 53. Nxf6 Nc5 54. Nd5 Nxb3 55. Nxb4 Nd4 56. Nd3 Kg5 57. Nf4 h5 58. Nh3+ Kf5 59. Nf4 Ke4 60. Nh3 Kf5 61. Nf4 Ke4 62. Nh3 Ne6 63. Ng1 Nd4 64. Nh3 Ne6 65. Ng1 g5 66. Ne2 g4 67. Nc3+ Kf5 68. f3 Nd4 69. fxg4+ hxg4 70. Kf2 Ke5 71. Kg2 f5 72. Kf2 Ne6 73. Ke3 Ng5 74. Ne2 Ne4 75. Kd3 Nc5+ 76. Ke3 Ne4 77. Kd3 Ng5 78. Ke3 Ne6 79. Nc1 Nc5 80. Ne2 Ne4 1/2-1/2

[Event "Olympiad-34"]
[Site "Istanbul"]
[Date "2000.11.04"]
[Round "7.3"]
[White "Hussein, Aziz Nezad"]
[Black "Grigoryan, Karen"]
[Result "1/2-1/2"]
[WhiteElo "2350"]
[BlackElo "2399"]
[PlyCount "94"]
[EventDate "2000.10.28"]
[EventType "team-swiss"]
[EventRounds "14"]
[EventCountry "TUR"]
[SourceTitle "EXT 2001"]
[Source "ChessBase"]
[SourceDate "2000.11.22"]
[SourceVersion "1"]
[SourceVersionDate "2000.11.22"]
[SourceQuality "1"]
[WhiteTeam "Iraq"]
[BlackTeam "Turkmenistan"]
[WhiteTeamCountry "IRQ"]
[BlackTeamCountry "TKM"]

1. e4 c5 2. Nf3 e6 3. d4 cxd4 4. Nxd4 Nc6 5. g3 d5 6. Bg2 Qb6 7. Nb3 dxe4 8. Bxe4 Nf6 9. Bg2 Be7 10. 0-0 0-0 11. c4 e5 12. Be3 Qa6 13. N1d2 Bf5 14. Bc5 Bxc5 15. Nxc5 Qb6 16. Nde4 Nxe4 17. Nxe4 Qxb2 18. Qb3 Qxb3 19. axb3 Bxe4 20. Bxe4 a5 21. Ra4 Nd4 22. Ra3 Rab8 23. Rxa5 f5 24. Bd5+ Kh8 25. Ra3 e4 26. Kg2 Rf6 27. Rd1 Nf3 28. Bxb7 g5 29. Rd7 g4 30. c5 Rh6 31. h4 gxh3+ 32. Kh1 Ne5 33. Rc7 Nd3 34. Ra2 Rd8 35. c6 Ne5 36. Rc8 Rxc8 37. Bxc8 Rxc6 38. Bxf5 Nf3 39. Ra1 Ng5 40. Re1 Rf6 41. Bxe4 Re6 42. f3 Nxf3 43. Rf1 Nd2 44. Bf5 Re3 45. Rd1 Re2 46. Bg4 Rf2 47. Bxh3 Nxb3 1/2-1/2

[Event "Olympiad-34"]
[Site "Istanbul"]
[Date "2000.10.28"]
[Round "1.3"]
[White "Chinasamy, Devarajen"]
[Black "Grigoryan, Karen"]
[Result "0-1"]
[WhiteElo "2020"]
[BlackElo "2399"]
[PlyCount "93"]
[EventDate "2000.10.28"]
[EventType "team-swiss"]
[EventRounds "14"]
[EventCountry "TUR"]
[SourceTitle "EXT 2001"]
[Source "ChessBase"]
[SourceDate "2000.11.22"]
[SourceVersion "1"]
[SourceVersionDate "2000.11.22"]
[SourceQuality "1"]
[WhiteTeam "Mauritius"]
[BlackTeam "Turkmenistan"]
[WhiteTeamCountry "MRI"]
[BlackTeamCountry "TKM"]

1. e4 c5 2. Nf3 e6 3. d4 cxd4 4. Nxd4 Nc6 5. Nc3 Nf6 6. Be2 Bb4 7. Nxc6 bxc6 8. Bd3 d5 9. exd5 cxd5 10. 0-0 0-0 11. Bg5 Bb7 12. Ne2 e5 13. c3 Bd6 14. h3 a5 15. a4 Rb8 16. Rb1 Bc6 17. Bc2 h6 18. Bh4 Bc5 19. Kh1 Re8 20. f4 exf4 21. Bxf6 Qxf6 22. Rxf4 Qe5 23. Qd3 g6 24. Rg4 Bd7 25. Rg3 Bf2 26. Rf1 Bxg3 27. Nxg3 Qe3 28. Nh5 Qxd3 29. Nf6+ Kg7 30. Nxe8+ Bxe8 31. Bxd3 Rxb2 32. Ra1 Bc6 33. Bf1 Rb3 34. c4 dxc4 35. Bxc4 Rxh3+ 36. Kg1 Rg3 37. Ra2 f5 38. Bb5 Be4 39. Kh2 Rc3 40. Rd2 Rc2 41. Rd7+ Kf6 42. Bf1 Ra2 43. Rd6+ Kg5 44. Rd4 Kf4 45. Kh3 Ke3 46. Rc4 Ra1 47. Rc3+ 0-1